| 000 | 01169cad a22002535a 4500 | ||
|---|---|---|---|
| 001 | E150918 | ||
| 008 | 100915s2010 xxkd f s 000 0 eng d | ||
| 022 | 1 | _a1465-1076 | |
| 035 | _a(Sirsi) u150918 | ||
| 041 | 0 | _aeng | |
| 050 | 0 | 4 | _a333.33 $2 18 |
| 110 | 2 |
_aRoyal Institution of Chartered Surveyors _94900 |
|
| 245 | 0 | 0 |
_aRICS housing market survey United Kingdom _bAugust 2010 _h[electronic resource] |
| 260 |
_aLondon _bRICS _c2010 |
||
| 490 |
_aRICS Housing Market Survey United Kingdom _vAugust 2010 |
||
| 520 | _aA further increase in supply pushes the net price balance deeper into negative territory, however transaction activity remains steady albeit at relatively low levels. Reposrt that despite a further drop in buyer enquiries, sales expectations rebound. | ||
| 521 | _aAdvanced | ||
| 590 | _aKA | ||
| 650 | 2 | 4 | _aRICS HOUSING MARKET SURVEY UNITED KINGDOM |
| 651 | 4 |
_aUnited Kingdom _y |
|
| 690 | _aPROPERTY-RESIDENTIAL PROPERTY-RESIDENTIAL PROPERTY MARKET | ||
| 856 | 4 | 0 |
_uhttps://one/NR/rdonlyres/C5579703-4970-4748-852A-5D843BCA41FC/0/RICSHousingMarketSurveyAugust2010.pdf _zView the item free of charge (PDF file) at www.rics.org |
| 942 | _n0 | ||
| 999 |
_c111022 _d111022 |
||